000 00432nam a2200181Ia 4500
001 9319
005 20260306161709.0
008 260306t2017||||xx |||||||||||||| ||spa||
041 _aESP
082 _a378.1
_bP78
100 _aPorlán, Rafael
_eAUT
245 0 _aEnseñanza universitaria:
_bcómo mejorarla
260 _c2017
300 _a201 páginas :
_c24 cm.
650 _aGEN
654 _aCED
942 _cLIB
_dJUS
_fJUS
_2ddc
_n
999 _c9319
_d9319